| 000 | 00989nam a2200313 a 4500 | ||
|---|---|---|---|
| 001 | 000113419 | ||
| 003 | CHAP | ||
| 005 | 20220329144353.0 | ||
| 008 | 170621s2016 mx a |r| ||1|||spa d | ||
| 010 | _a109880 | ||
| 011 | _a110852 | ||
| 020 | _a9789681850913 | ||
| 040 | _cCHAP | ||
| 082 | 0 | 4 |
_a631.8 _bM29 |
| 245 | 0 | 0 |
_aManual de fertilizantes para horticultura / _cpor Soil Improvement Committee y California Fertilizer Association. |
| 260 |
_aMéxico, D.F. : _bLimusa, _c2016. |
||
| 300 | _a297 p. | ||
| 534 |
_pTít. original : _tWestern Fertilizer Handbook |
||
| 590 |
_aBATCH-UPD _b05 _c20170621 _lUCH01 _h0825 |
||
| 590 |
_aE11695DGD _b10 _c20170622 _lUCH01 _h1249 |
||
| 590 |
_aE5765TAJ _b05 _c20170621 _lUCH01 _h0824 |
||
| 650 | 1 | 4 |
_aFertilizantes y abonos. _940646 |
| 650 | 1 | 4 |
_aFertilizantes _xAplicación. _940450 |
| 710 | 0 |
_aCalifornia Fertilizer Association. _917496 |
|
| 710 | 0 |
_aSoil Improvement Committee. _9108298 |
|
| 901 | _aBK | ||
| 942 | _cLIBRO | ||
| 942 | _n0 | ||
| 999 |
_c109880 _d109880 |
||